000 00627nam a2200229Ia 4500
005 20241216010501.0
008 180423s9999||||xx |||||||||||||| ||und||
020 _a84-283-1875-1
082 _a546
_bD94
100 _aDOUGLAS BODIE Y OTROS
245 0 _aPROBLEMAS DE QUIMICA INORGANICA
250 _a0
260 _aESPAÑA
_bPARANINFO S.A.
_c1991
300 _a354 pag
_c24 cm
341 _h13014
490 _v0
_a0
505 _aENLACE-SIMETRIA-ESTERIOQUIMICA/ACIDOS-COMPUESTOS METALICOS
541 _aC
_bSAN CRISTOBAL S.A.
_d17-Jun-99
_odólar
650 _aCIENCIAS PURAS
856 _zCC. Puras
942 _cLIBRO
999 _c15674
_d15674